Evidence on tackling hard to treat properties (Record no. 108818)

MARC details
000 -LEADER
fixed length control field 02053cad a22002775a 4500
001 - CONTROL NUMBER
control field E145529
008 - FIXED-LENGTH DATA ELEMENTS--GENERAL INFORMATION
fixed length control field 081020s2008 xxk f 000 0 eng d
020 ## - INTERNATIONAL STANDARD BOOK NUMBER
International Standard Book Number 9780755972623
035 ## - SYSTEM CONTROL NUMBER
System control number (Sirsi) u145529
041 0# - LANGUAGE CODE
Language code of text/sound track or separate title eng
050 04 - LIBRARY OF CONGRESS CALL NUMBER
Classification number 333.333 $2 18
100 1# - MAIN ENTRY--PERSONAL NAME
Personal name Roaf, Susan
245 00 - TITLE STATEMENT
Title Evidence on tackling hard to treat properties
Medium [electronic resource]
260 ## - PUBLICATION, DISTRIBUTION, ETC.
Place of publication, distribution, etc. Edinburgh
Name of publisher, distributor, etc. Scottish Government
Date of publication, distribution, etc. 2008
505 2# - FORMATTED CONTENTS NOTE
Formatted contents note Executive summary -- Summary of recommendations for Hard to Treat properties -- Introduction -- Background: definition of Hard to Treat properties; Hard to Treat properties in the Scottish Housing Stock -- Options for treating Hard to Treat properties: solid wall properties; tenements; high rise properties; timber frame properties pre-1982; properties with flat roofs; properties with mansard roofs; Park Homes and residential mobile homes -- Improvements applicable to most or all Hard to Treat properties: insulation; windows and glazing; heating systems and controls; lighting and appliances; Smart Meters; CHP and renewable energy -- Summary of new research into options for improving Hard to Treat properties: innovative advanced surface treatments; non-wall technological research; measuring, modelling, mapping and managing energy consumption by Scottish households -- Recommendations for Hard to Treat properties -- Conclusions
520 ## - SUMMARY, ETC.
Summary, etc. Prepared to inform the discussions being carried out by the Scottish Fuel Poverty Forum, this report examines the different types of property which are defined as 'Hard to Treat', and examines ways in which they can be improved in order to make them more fuel efficient.
521 ## - TARGET AUDIENCE NOTE
Target audience note Advanced
590 ## - LOCAL NOTE (RLIN)
Local note KA
651 #4 - SUBJECT ADDED ENTRY--GEOGRAPHIC NAME
Geographic name Scotland
Chronological subdivision 1999-
690 ## - LOCAL SUBJECT ADDED ENTRY--TOPICAL TERM (OCLC, RLIN)
Topical term or geographic name as entry element ENVIRONMENTAL AND LAND CONSULTANCY-ENERGY-ENERGY USE-ENERGY EFFICIENCY
700 1# - ADDED ENTRY--PERSONAL NAME
Personal name Baker, Keith
700 1# - ADDED ENTRY--PERSONAL NAME
Personal name Peacock, Andrew
710 1# - ADDED ENTRY--CORPORATE NAME
Corporate name or jurisdiction name as entry element SISTech Ltd
856 40 - ELECTRONIC LOCATION AND ACCESS
Uniform Resource Identifier <a href="https://www.scotland.gov.uk/Publications/2008/10/17095821/0">https://www.scotland.gov.uk/Publications/2008/10/17095821/0</a>
Public note View the report free of charge at www.scotland.gov.uk...
942 ## - ADDED ENTRY ELEMENTS (KOHA)
Suppress in OPAC 0
Holdings
Withdrawn status Lost status Source of classification or shelving scheme Damaged status Not for loan Home library Current library Shelving location Date acquired Total Checkouts Full call number Barcode Date last seen Copy number Price effective from Koha item type
    Dewey Decimal Classification     Virtual Virtual Online 20/10/2008   ONLINE PUBLICATION 145529-2001 06/08/2019 1 06/08/2019 Book